Kádrový, personálny a sociálny rozvoj v obchode

Gespeichert in:
Bibliographische Detailangaben
1. Verfasser: Vávra, Viktor
Körperschaft: Vysoká škola ekonomická v Bratislave. Obchodná fakulta
Format: Buch
Sprache:Slowakisch
Veröffentlicht: Bratislava VŠE 1987
Ausgabe:1. vyd.
Tags: Tag hinzufügen
Keine Tags, Fügen Sie das erste Tag hinzu!

MARC

LEADER 00000nam a2200000 4500
001 c034102
005 20230116103341.9
041 0 |a slo 
044 |a SK 
245 1 0 |a Kádrový, personálny a sociálny rozvoj v obchode  |c Viktor Vávra a kol. 
250 |a 1. vyd. 
264 1 |a Bratislava  |b VŠE  |c 1987 
300 |a 188 s. 
100 1 |a Vávra, Viktor 
710 2 |a Vysoká škola ekonomická v Bratislave. Obchodná fakulta